<?xml version="1.0" encoding="UTF-8"?><?xml-stylesheet type="text/xsl" href="static/style.xsl"?><OAI-PMH xmlns="http://www.openarchives.org/OAI/2.0/" xmlns:xsi="http://www.w3.org/2001/XMLSchema-instance" xsi:schemaLocation="http://www.openarchives.org/OAI/2.0/ http://www.openarchives.org/OAI/2.0/OAI-PMH.xsd"><responseDate>2026-04-13T00:07:44Z</responseDate><request verb="GetRecord" identifier="oai:www.recercat.cat:10230/70921" metadataPrefix="marc">https://recercat.cat/oai/request</request><GetRecord><record><header><identifier>oai:recercat.cat:10230/70921</identifier><datestamp>2025-07-17T17:40:22Z</datestamp><setSpec>com_2072_6</setSpec><setSpec>col_2072_452952</setSpec></header><metadata><record xmlns="http://www.loc.gov/MARC21/slim" xmlns:dcterms="http://purl.org/dc/terms/" xmlns:xsi="http://www.w3.org/2001/XMLSchema-instance" xmlns:doc="http://www.lyncode.com/xoai" xsi:schemaLocation="http://www.loc.gov/MARC21/slim http://www.loc.gov/standards/marcxml/schema/MARC21slim.xsd">
   <leader>00925njm 22002777a 4500</leader>
   <datafield ind2=" " ind1=" " tag="042">
      <subfield code="a">dc</subfield>
   </datafield>
   <datafield ind2=" " ind1=" " tag="720">
      <subfield code="a">Coego, Sara</subfield>
      <subfield code="e">author</subfield>
   </datafield>
   <datafield ind2=" " ind1=" " tag="720">
      <subfield code="a">Esteve Gibert, Núria</subfield>
      <subfield code="e">author</subfield>
   </datafield>
   <datafield ind2=" " ind1=" " tag="720">
      <subfield code="a">Prieto Vives, Pilar, 1965-</subfield>
      <subfield code="e">author</subfield>
   </datafield>
   <datafield ind2=" " ind1=" " tag="260">
      <subfield code="c">2025-07-16T07:27:06Z</subfield>
   </datafield>
   <datafield ind2=" " ind1=" " tag="260">
      <subfield code="c">2025-07-16T07:27:06Z</subfield>
   </datafield>
   <datafield ind2=" " ind1=" " tag="260">
      <subfield code="c">2025</subfield>
   </datafield>
   <datafield ind2=" " ind1=" " tag="520">
      <subfield code="a">The present cross-sectional study assessed the role of multimodal cues in marking focus types during early childhood, focusing on prosodic prominence, gesture presence, and gestural prominence. A total of 116 Catalan-speaking three-, four- and five-year-olds participated in a semi-controlled interactive task eliciting words in three focus conditions: information, contrastive, and corrective. The data were coded manually using holistic assessments for all three measures. The results indicated, first, that children’s prosodic and gestural behavior was key in marking corrective focus. A significant tendency to use more gestures and increase both prosodic and gestural prominence was found in the corrective focus condition across the three age groups. Second, a developmental difference emerged in the acquisition of contrastive focus. Three-year-olds relied solely on gesture presence to encode contrastive focus, being unable to differentiate it prosodically from information focus. In turn, four- and five-year-olds used both gestures and prosody, with contrastive focus not only receiving more gestures than information focus but also increased prosodic prominence. This finding shows that gesture presence is a precursor to prosodic prominence in marking contrastive focus in Catalan, thus supporting the idea that gesture production can bootstrap the expression of focus type distinctions.</subfield>
   </datafield>
   <datafield ind2=" " ind1=" " tag="520">
      <subfield code="a">This research was funded by grant PID2020-115385GA-I00, financed by MCIN/AEI/10.13039/501100011033 and by the European Regional Development Fund (ERDF), by the European Union. It was also supported by the grant AGAUR-FI Joan Oró 2025FI_B 00342, funded by the Agency for Management of University and Research Grants (Generalitat de Catalunya) together with the European Social Fund (ESF), by the European Union. The APC was funded by grants PID2021-123823NB-I00 and PID2020-115385GA-I00, financed by MCIN/AEI/10.13039/501100011033 and by the European Regional Development Fund (ERDF), by the European Union.</subfield>
   </datafield>
   <datafield ind1="8" ind2=" " tag="024">
      <subfield code="a">http://hdl.handle.net/10230/70921</subfield>
   </datafield>
   <datafield tag="653" ind2=" " ind1=" ">
      <subfield code="a">Information structure</subfield>
   </datafield>
   <datafield tag="653" ind2=" " ind1=" ">
      <subfield code="a">Focus types</subfield>
   </datafield>
   <datafield tag="653" ind2=" " ind1=" ">
      <subfield code="a">Contrast</subfield>
   </datafield>
   <datafield tag="653" ind2=" " ind1=" ">
      <subfield code="a">Correction</subfield>
   </datafield>
   <datafield tag="653" ind2=" " ind1=" ">
      <subfield code="a">Multimodal development</subfield>
   </datafield>
   <datafield tag="653" ind2=" " ind1=" ">
      <subfield code="a">Prosody</subfield>
   </datafield>
   <datafield tag="653" ind2=" " ind1=" ">
      <subfield code="a">Gestures</subfield>
   </datafield>
   <datafield tag="653" ind2=" " ind1=" ">
      <subfield code="a">Prominence</subfield>
   </datafield>
   <datafield tag="653" ind2=" " ind1=" ">
      <subfield code="a">Language acquisition</subfield>
   </datafield>
   <datafield tag="653" ind2=" " ind1=" ">
      <subfield code="a">Catalan</subfield>
   </datafield>
   <datafield ind2="0" ind1="0" tag="245">
      <subfield code="a">Preschoolers mark focus types through multimodal prominence: further evidence for the precursor role of gestures</subfield>
   </datafield>
</record></metadata></record></GetRecord></OAI-PMH>